000 00854nam a2200265 a 4500
001 31754
003 BD-RjUL
005 20211209051738.0
008 140422s1939 enk b 00110 eng
035 _a(BD-RjUL)31842
040 _aBD-RjUL
_beng
_cBD-RjUL
_dBD-RjUL
041 _aeng
082 0 4 _a248.2
_bMUP 1939
100 1 _aMurray, A. Victor
_q(Albert Victor),
_d1890-
_996639
245 1 0 _aPersonal experience and the historic faith :
_ban essay /
_cby A. Victor Murray.
260 _aLondon :
_bEpworth Press,
_c1939.
300 _a303 p. ;
_c23 cm.
500 _a"Published for the Fernley-Hartley Trust."
504 _aIncludes bibliographical references and index.
650 0 _aExperience (Religion)
_994613
650 0 _aChristian life.
_996640
830 0 _v1939.
_996643
830 0 _aFernley-Hartley lecture,
_996644
942 _2ddc
_cBK
999 _c31754
_d31754